| 000 | 00652nam a2200229Ia 4500 | ||
|---|---|---|---|
| 003 | GCL | ||
| 008 | 140319s9999 xx 000 0 ara d | ||
| 020 | _a?155148977 | ||
| 040 |
_aGCL / _cGCL |
||
| 082 | 0 | 4 |
_a922.1 _bع م |
| 100 | 1 | _aعبدالرزاق نوفل | |
| 245 | 1 | 0 |
_aالمسلمون والعلم الحديث / _cعبدالرزاق نوفل |
| 250 | _aالثالثة | ||
| 260 |
_aالقاهرة : _bدار الشروق ، _c1988 |
||
| 300 |
_a170 ؛ _c16 سم |
||
| 490 | _a | ||
| 650 | 0 | 4 | _aالعلماء |
| 650 | 0 | 4 | _aالاسلام |
| 650 | 0 | 4 | _aالعلم والعلماء |
| 650 | 0 | 4 | _aالمسلمون |
| 942 |
_2ddc _cBK |
||
| 999 |
_c30739 _d30739 |
||